Подробности
| 000 -МАРКЕР |
| контрольное поле |
01315nam2a22002411 4500 |
| 001 - ИДЕНТИФИКАТОР ЗАПИСИ |
| контрольное поле |
v19\rc\1250242 |
| 005 - ИДЕНТИФИКАТОР ВЕРСИИ |
| контрольное поле |
20250617234903.0 |
| 035 ## - ДРУГИЕ СИСТЕМНЫЕ НОМЕРА |
| Идентификатор записи |
(NLR Aleph) 004406595 |
| 100 ## - ДАННЫЕ ОБЩЕЙ ОБРАБОТКИ |
| Данные общей обработки |
20060306d1898 |||y0rusy50 ca |
| 101 0# - ЯЗЫК РЕСУРСА |
| Язык текста, звукозаписи и т.д. |
русский |
| 102 ## - СТРАНА ПУБЛИКАЦИИ ИЛИ ПРОИЗВОДСТВА |
| Страна публикации |
Российская Федерация |
| 105 ## - ПОЛЕ КОДИРОВАННЫХ ДАННЫХ: ТЕКСТОВЫЕ МАТЕРИАЛЫ, МОНОГРАФИЧЕСКИЕ |
| Кодированные данные о монографическом текстовом документе |
ae z ||||| |
| 200 1# - ЗАГЛАВИЕ И СВЕДЕНИЯ ОБ ОТВЕТСТВЕННОСТИ |
| Основное заглавие |
1897 года |
| Первые сведения об ответственности |
Сост. агр. Ф.Л. Любанский |
| 210 ## - ПУБЛИКАЦИЯ, РАСПРОСТРАНЕНИЕ И ДР. |
| Дата издания, распространения и т.д. |
1898 |
| Место издания, распространения и т.д. |
Б. м. |
| 215 ## - ФИЗИЧЕСКАЯ ХАРАКТЕРИСТИКА |
| Специфическое обозначение материала и объем |
X, 150 с., 7 л. табл., план. |
| Другие сведения о физической характеристике |
ил. |
| 461 #0 - УРОВЕНЬ НАБОРА |
| Встроенное поле |
001v19\rc\1250232 |
| -- |
2001#$aДеребчинское опытное поле барона Ар. Ар. Маса$e[Отчет]$fСост. студентом Ун-та св. Владимира В. Ротмистровым. Вып. 1-10$vВып. 10$90 |
| Системный номер (АБИС) связанной записи |
3948233 |
| Автор |
Деребчинское опытное поле (Ямпольск. уезд., Подольской губ.) |
| Место публикации |
Киев |
| Дата публикации |
1889-1898 |
| Первые сведения об ответственности |
Сост. студентом Ун-та св. Владимира В. Ротмистровым. Вып. 1-10 |
| Имя издателя, распространителя и т.д. |
А.А. Мас |
| Сведения, относящиеся к заглавию |
[Отчет] |
| Физическая характеристика |
10 т. |
| Заглавие |
Деребчинское опытное поле барона Ар. Ар. Маса |
| Номер тома |
Вып. 10$90 |
| 702 #1 - ИМЯ ЛИЦА - ВТОРИЧНАЯ ОТВЕТСТВЕННОСТЬ |
| Начальный элемент ввода |
Любанский |
| Часть имени, кроме начального элемента ввода |
Ф.Л. |
| Расширение инициалов личного имени |
Феликс Людвигович |
| Код отношения |
Составитель |
| 801 #0 - ИСТОЧНИК ЗАПИСИ |
| Страна |
Российская Федерация |
| Организация |
NLR |
| Правила каталогизации |
psbo |
| 801 #1 - ИСТОЧНИК ЗАПИСИ |
| Страна |
Российская Федерация |
| Организация |
ProSoft-M |
| Источник данных |
rusmarc |
| 852 ## - МЕСТОНАХОЖДЕНИЕ И ШИФР ХРАНЕНИЯ |
| Идентификатор организации |
NLR |
| Шифр хранения (Call Number) |
19.101.5.1 |
| 942 ## - ДОПОЛНИТЕЛЬНЫЕ ЭЛЕМЕНТЫ ЗАПИСИ (АБИС) |
| Тип экземпляра АБИС |
Книга |
| 980 ## - КОЛЛЕКЦИЯ |
| Название коллекции |
Национальная библиография |